000 00660nam a2200229Ia 4500
001 17112
003 GE_BSU
008 181216s||||||||xx |||||||||||||| ||und||
040 _cGE_BSU
080 _a821.353.1-1
100 _aართილაყვა, რევაზი
245 _aწყურვილი
245 _bლექსები
245 _cრედ.გ.მოისწრაფიშვილი
260 _aბათუმი
260 _bსაბჭ. აჭარა
260 _c1970
300 _a91გვ. : ილ. ; 15სმ.
653 _aლექსები
653 _aწყურვილი
942 _cBK
999 _c50174
_d50174